Communism and the politics of development : Persistent myths and changing behavior

Gespeichert in:
Bibliographische Detailangaben
1. Verfasser: Kautsky, John H.
Format: Buch
Sprache:Undetermined
Veröffentlicht: New York John Wiley and Sons 1968
Schlagworte:
Tags: Tag hinzufügen
Keine Tags, Fügen Sie den ersten Tag hinzu!
Thư viện lưu trữ: Trung tâm Học liệu Trường Đại học Cần Thơ
LEADER 00578nam a2200205Ia 4500
001 CTU_105297
008 210402s9999 xx 000 0 und d
082 |a 335.43 
082 |b K21 
100 |a Kautsky, John H. 
245 0 |a Communism and the politics of development : 
245 0 |b Persistent myths and changing behavior 
245 0 |c John H. Kautsky 
260 |a New York 
260 |b John Wiley and Sons 
260 |c 1968 
650 |a Communism 
650 |x Developing countries 
904 |i Hiếu 
980 |a Trung tâm Học liệu Trường Đại học Cần Thơ